Statistics for central cee songs in 23 mixtape

Click here to take the quiz!

General Stats

  • This quiz has been taken 59 times
  • The average score is 8 of 15

Answer Stats

HintAnswer% Correct
1khabib
80%
12obsessed with you
68%
6eurovision
63%
8mrs
63%
5retail therapy
60%
3ungrateful
60%
7cold shoulder
55%
9air bnb
53%
14lil bro
53%
138 ball
50%
15end of the beginning
50%
2straight back to it
48%
11terminal 5
48%
4bunda
45%
10no pain
45%

Score Distribution

Percentile by Number Answered

Percent of People with Each Score

Your Score History

You have not taken this quiz